000 00505nam a2200169 4500
001 148689
003 ES-MaACL
005 20230906202750.0
007 t|
008 070214s1981 xxu r ||||1| eng d
100 1 _aStutzman, Warren L.
_9108525
245 1 0 _aAntenna theory and design /
_cWarren L. Stutzman, Gary A. Thiele.
260 _aNew York [etc.] :
_bJohn Wiley & sons,
_c1981.
300 _aX, 598 p. ;
_c24 cm.
700 1 _aThiele, Gary A.
_9109939
852 _aES-MaACL
_jL-11634
_bR.113508
999 _c148689
_d148689